|
|
|
|
| LEADER |
00000cam a2200000 a 4500 |
| 001 |
vtls001100934 |
| 003 |
SK-MaSNL |
| 005 |
20260301222053.0 |
| 008 |
240226s1980 xo r 000 0 slo |
| 015 |
|
|
|a SNBA1981
|
| 020 |
|
|
|q (brožované)
|
| 035 |
|
|
|a SNK000043776
|
| 035 |
|
|
|a 1550DB4C-391D-46CD-B953-9CD44B78B81E
|
| 035 |
|
|
|a urn:nbn:sk:snk-am00ihr6
|
| 040 |
|
|
|a SNK
|b slo
|c SNK
|e AACR2
|
| 041 |
1 |
|
|a slo
|h und
|
| 044 |
|
|
|a xo
|c SK
|
| 072 |
|
7 |
|a 791
|x Film. Cirkus. Ľudová zábava
|2 konspekt
|
| 080 |
|
|
|a 791.32.01
|2 2001
|
| 080 |
|
|
|a 791.62-026.15
|2 2011
|
| 080 |
|
|
|a 791.631-051
|2 2011
|
| 080 |
|
|
|a (082.2)
|2 2011
|
| 245 |
0 |
0 |
|a Antológia súčasnej filmovej teórie
|n 1
|c zostavil Peter Mihálik
|
| 250 |
|
|
|a 1. vyd.
|
| 260 |
|
|
|a Bratislava
|b Slovenský filmový ústav
|c 1980
|
| 300 |
|
|
|a 277 s.
|c 20 cm
|
| 366 |
|
|
|e 500 výtl.
|
| 500 |
|
|
|a Preklady z rôznych jazykov
|
| 500 |
|
|
|a Len pre vnútornú potrebu
|
| 504 |
|
|
|a Obsahuje bibliografiu na strane 160
|
| 650 |
0 |
7 |
|a filmová teória
|2 SNKPH
|9 84480
|
| 650 |
0 |
7 |
|a filmová tvorba
|2 SNKPH
|9 75252
|
| 650 |
0 |
7 |
|a filmári
|2 SNKPH
|9 55741
|
| 650 |
0 |
7 |
|a Theory of film
|2 SNKPHeng
|9 290347
|
| 650 |
0 |
7 |
|a Art of film production
|2 SNKPHeng
|9 284277
|
| 650 |
0 |
7 |
|a Filmmakers
|2 SNKPHeng
|9 370386
|
| 655 |
|
7 |
|a antológie
|2 SNKPH
|9 70414
|
| 655 |
|
7 |
|a Anthologies
|2 SNKPHeng
|9 275775
|
| 700 |
1 |
|
|a Mihálik, Peter,
|d 1945-1987
|4 com
|9 40060
|
| 852 |
|
|
|a Slovenská národná knižnica
|
| 954 |
|
|
|a beletria cudzojazyčná (svetová)
|
| 958 |
|
|
|a NB
|
| 958 |
|
|
|a TL
|
| 958 |
|
|
|a OND
|
| 958 |
|
|
|a EUIPO
|
| 968 |
|
|
|a SLO
|b LANGUES DIVERSES
|
| 999 |
|
|
|c 938516
|d 940446
|
| 952 |
|
|
|a SNK
|b SNK
|y VYP
|7 0
|p 17A0032307
|o snkSC 51177/1 D1
|i snkKSP 9675/80
|0 0
|1 0
|4 0
|d 1997-01-21
|l 0
|r 2004-12-31 00:00:00
|w 2026-02-24
|
| 952 |
|
|
|a SNK
|b SNK
|y PREZ
|7 0
|p 17A0849315
|o snkSC 51177/1
|i snkKSP 9674/80
|0 0
|1 0
|4 0
|d 2012-08-01
|f 1
|l 0
|r 2025-11-04 00:00:00
|w 2026-02-24
|